[Event "Sharjah Cup (Women) 10th"]
[Site "Sharjah"]
[Date "2020.01.08"]
[Round "6"]
[White "Mission, Cheryll Rosales"]
[Black "Greibrokk, Ingrid Andrea"]
[Result "0-1"]
[WhiteElo "1135"]
[BlackElo "1855"]
[PlyCount "62"]
[EventDate "2020.01.04"]
[EventType "swiss"]
[EventRounds "9"]
[EventCountry "UAE"]
[SourceTitle "CBM 194 Extra"]
[Source "ChessBase"]
[SourceDate "2020.03.31"]
[SourceVersion "1"]
[SourceVersionDate "2020.03.31"]
[SourceQuality "1"]

1. d4 d5 2. Nf3 Nf6 3. Bf4 e6 4. a3 c5 5. c4 dxc4 6. Qa4+ Nc6 7. Be5 Bd7 8. Qxc4 Rc8 9. Qc2 cxd4 10. Qd3 Nxe5 11. Nxe5 Qa5+ 12. Nd2 Qxe5 13. Nc4 Qc7 14. Rc1 b5 15. Nd6+ Qxd6 16. Rxc8+ Bxc8 17. Qxb5+ Bd7 18. Qd3 Qc5 19. Qd1 Bd6 20. g3 Bc6 21. f3 0-0 22. b4 Qc3+ 23. Kf2 Ng4+ 24. Kg1 Qe3+ 25. Kg2 Qf2+ 26. Kh3 Nxh2 27. f4 Bxh1 28. e4 Nxf1 29. Qd3 Qh2+ 30. Kg4 h5+ 31. Kg5 Be7# 0-1

[Event "Sharjah Ramadan op rapid"]
[Site "Sharjah"]
[Date "2019.05.15"]
[Round "7"]
[White "Al Namas, Kanan"]
[Black "Mission, Cheryll Rosales"]
[Result "0-1"]
[WhiteElo "1559"]
[BlackElo "1135"]
[PlyCount "48"]
[EventDate "2019.05.13"]
[EventType "swiss (rapid)"]
[EventRounds "9"]
[EventCountry "UAE"]
[SourceTitle "CBM 190 Extra"]
[Source "ChessBase"]
[SourceDate "2019.07.15"]
[SourceVersion "1"]
[SourceVersionDate "2019.07.15"]
[SourceQuality "1"]

1. e4 d6 2. d4 g6 3. Nc3 Bg7 4. f4 Nd7 5. e5 dxe5 6. dxe5 e6 7. Nf3 Ne7 8. Bc4 0-0 9. 0-0 c6 10. Be3 Nf5 11. Bf2 b5 12. Bb3 Bb7 13. Ne4 Qc7 14. Nfg5 c5 15. Nd6 c4 16. Nxb5 Qc6 17. Nf3 Qxb5 18. Bxc4 Qxc4 19. Qxd7 Bxf3 20. gxf3 Qxf4 21. Kg2 Bxe5 22. Rh1 Rad8 23. Qxa7 Rd2 24. Rae1 Bd4 0-1